[Event "Junior Online 4NCL Division 3"]
[Site "online"]
[Date "2020.10.15"]
[Round "5.73"]
[White "Heard, Ben"]
[Black "Taylor, Tamuka"]
[Result "1-0"]
[WhiteElo "1262"]
[BlackElo "700"]
[PlyCount "99"]
[EventDate "2020.10.15"]
[WhiteTeam "KJCA Young Kestrels F"]
[BlackTeam "Watford Juniors D"]

1. e4 e5 2. Nf3 Nc6 3. Nc3 Bc5 4. Nxe5 Nxe5 5. d4 Bb4 6. dxe5 Bxc3+ 7. bxc3 f6
8. exf6 gxf6 9. Bc4 Ne7 10. O-O c6 11. Bf4 d5 12. exd5 cxd5 13. Bb5+ Kf7 14.
Re1 a6 15. Bd3 Be6 16. Qe2 Qd7 17. Rab1 Rab8 18. c4 dxc4 19. Bxb8 cxd3 20. cxd3
Bxa2 21. Qxa2+ Nd5 22. Bg3 Kg6 23. Qd2 b5 24. d4 f5 25. Bh4 Kf7 26. Re2 f4 27.
Rbe1 b4 28. Re7+ Nxe7 29. Rxe7+ Qxe7 30. Bxe7 Kxe7 31. Qxb4+ Ke6 32. Qa5 Ra8
33. Kf1 h5 34. Ke2 h4 35. Kf3 Ra7 36. Kxf4 h3 37. gxh3 Kf6 38. h4 Ke6 39. Qb6+
Kd7 40. Qxa7+ Kc6 41. Qxa6+ Kd5 42. h5 Kxd4 43. h6 Kc3 44. h7 Kb2 45. h8=Q+ Kc2
46. Qd6 Kb1 47. Qhb8+ Kc2 48. Qbc7+ Kb1 49. Qdb6+ Ka1 50. Qca7# 1-0

[Event "Junior Online 4NCL Division 3"]
[Site "online"]
[Date "2020.10.15"]
[Round "5.74"]
[White "Kalavadia, Kunal"]
[Black "Oprea, Lucas"]
[Result "0-1"]
[WhiteElo "700"]
[BlackElo "1255"]
[PlyCount "76"]
[EventDate "2020.10.15"]
[WhiteTeam "Watford Juniors D"]
[BlackTeam "KJCA Young Kestrels F"]

1. e4 e6 2. g3 Nc6 3. Nf3 Bd6 4. Rg1 Nf6 5. a3 e5 6. b4 Nd4 7. Bg2 Nxf3+ 8.
Bxf3 Be7 9. Be2 d6 10. h3 Nxe4 11. f3 Nf6 12. h4 O-O 13. Bb2 b6 14. Nc3 Bb7 15.
Rf1 Nd5 16. a4 Nxb4 17. Ra2 Nxa2 18. Nxa2 Bd5 19. Nb4 Bb7 20. c4 d5 21. cxd5
Bxd5 22. Nxd5 Qxd5 23. Bc3 Qd8 24. Bxe5 h6 25. g4 Bf6 26. Bxf6 Qxf6 27. Rg1
Qxh4+ 28. Kf1 Qh3+ 29. Ke1 Rae8 30. Rf1 Qg3+ 31. Rf2 Re7 32. Kf1 Rfe8 33. Bb5
Qh3+ 34. Kg1 Re1+ 35. Qxe1 Rxe1+ 36. Bf1 Qg3+ 37. Kh1 Qxf2 38. f4 Rxf1# 0-1

[Event "Junior Online 4NCL Division 3"]
[Site "online"]
[Date "2020.10.15"]
[Round "5.75"]
[White "Menakaya, Léon"]
[Black "Allen, George"]
[Result "1-0"]
[WhiteElo "850"]
[BlackElo "1390"]
[PlyCount "145"]
[EventDate "2020.10.15"]
[WhiteTeam "Watford Juniors D"]
[BlackTeam "KJCA Young Kestrels F"]

1. e4 e5 2. Nf3 Nc6 3. Bb5 Bc5 4. O-O d6 5. Nc3 Nf6 6. d3 Bg4 7. Nd5 O-O 8.
Nxf6+ Qxf6 9. Bg5 Qg6 10. Bxc6 bxc6 11. h4 h6 12. Bc1 Bh3 13. Ng5 Bxg2 14. Kxg2
hxg5 15. hxg5 f6 16. Qg4 Kf7 17. Rh1 Rh8 18. Rxh8 Rxh8 19. Qd7+ Kg8 20. Bf4
exf4 21. Qd8+ Kh7 22. Rh1+ Qh6 23. Rxh6+ gxh6 24. Qd7+ Kg6 25. gxf6 Kxf6 26.
Qxc7 Rg8+ 27. Kf1 h5 28. Qxc6 h4 29. e5+ Ke6 30. Qh1 Rh8 31. c4 h3 32. Qd5+ Ke7
33. exd6+ Bxd6 34. c5 Bc7 35. Qe4+ Kf6 36. Qd4+ Be5 37. Qe4 h2 38. Qh1 Bxb2 39.
c6 Be5 40. d4 Bxd4 41. c7 Be5 42. c8=Q Rxc8 43. Qxh2 Rc1+ 44. Ke2 Rc2+ 45. Kf3
Rc3+ 46. Kg4 Rc4 47. Qh6+ Ke7 48. Qh7+ Kf6 49. Qh8+ Ke6 50. Qe8+ Kf6 51. Qh8+
Ke6 52. Qg8+ Kd6 53. Qxc4 Ke7 54. Qe2 Kf6 55. f3 a5 56. Qa6+ Kf7 57. Qxa5 Bd6
58. Qf5+ Ke7 59. Qe4+ Kd7 60. Qd3 Ke6 61. Qa6 Kd5 62. Qb5+ Ke6 63. Qa6 Ke7 64.
a3 Kd7 65. a4 Ke7 66. Qa7+ Ke6 67. Qa8 Ke5 68. a5 Ke6 69. a6 Kd7 70. Qb7+ Kd8
71. a7 Ke8 72. a8=Q+ Bb8 73. Qaxb8# 1-0

[Event "Junior Online 4NCL Division 3"]
[Site "online"]
[Date "2020.10.15"]
[Round "5.77"]
[White "Taylor, Tamuka"]
[Black "Heard, Ben"]
[Result "0-1"]
[WhiteElo "700"]
[BlackElo "1262"]
[PlyCount "54"]
[EventDate "2020.10.15"]
[WhiteTeam "Watford Juniors D"]
[BlackTeam "KJCA Young Kestrels F"]

1. e4 e5 2. Nf3 Nc6 3. Bc4 Nf6 4. Nc3 Nxe4 5. Nxe4 d5 6. Neg5 dxc4 7. d3 Nd4 8.
Nxd4 exd4 9. dxc4 Be7 10. Nf3 Bg4 11. h3 Bh5 12. g4 Bg6 13. O-O O-O 14. Bg5
Bxg5 15. Nxg5 Qxg5 16. Qxd4 Bxc2 17. Rac1 Ba4 18. b3 Bc6 19. b4 Ba4 20. a3 Rfd8
21. Qe4 Bc6 22. Qc2 Qh4 23. Qf5 Qxh3 24. Qd5 Bxd5 25. cxd5 Qxg4+ 26. Kh2 Rxd5
27. Rfe1 Rh5# 0-1

[Event "Junior Online 4NCL Division 3"]
[Site "online"]
[Date "2020.10.15"]
[Round "5.78"]
[White "Oprea, Lucas"]
[Black "Kalavadia, Kunal"]
[Result "1-0"]
[WhiteElo "1255"]
[BlackElo "700"]
[PlyCount "43"]
[EventDate "2020.10.15"]
[WhiteTeam "KJCA Young Kestrels F"]
[BlackTeam "Watford Juniors D"]

1. e4 e6 2. Nf3 h5 3. Bd3 Bd6 4. Nc3 Nf6 5. e5 Be7 6. exf6 Bxf6 7. Qe2 O-O 8.
Qe4 g6 9. Qf4 Bg7 10. Bc4 b6 11. Qe4 c6 12. d3 Bb7 13. Qe2 Re8 14. Bf4 Na6 15.
Bxa6 Bxa6 16. Qe3 Kf8 17. Bh6 Bxh6 18. Qxh6+ Kg8 19. Ng5 Qe7 20. Nce4 Qb4+ 21.
c3 Qxb2 22. Nf6# 1-0

[Event "Junior Online 4NCL Division 3"]
[Site "online"]
[Date "2020.10.15"]
[Round "5.81"]
[White "Robinson, Danny"]
[Black "Das, Anish"]
[Result "0-1"]
[WhiteElo "1180"]
[BlackElo "887"]
[PlyCount "50"]
[EventDate "2020.10.15"]
[WhiteTeam "MCS Tenners"]
[BlackTeam "Leicestershire Juniors 5"]

1. e4 c5 2. Nf3 Nc6 3. Nc3 e6 4. Bc4 Qb6 5. O-O Be7 6. e5 Nh6 7. Re1 O-O 8. d3
Bd8 9. h3 Qc7 10. Nb5 Qb8 11. Be3 a6 12. Nc3 b6 13. a4 Bb7 14. Bxh6 gxh6 15.
Qd2 Kg7 16. Bb3 Bc7 17. Qf4 f5 18. Qg3+ Kh8 19. Re2 Rg8 20. Qf4 Rg7 21. Qxh6
Nxe5 22. Nxe5 Bxe5 23. g3 Bxg3 24. fxg3 Qxg3+ 25. Kf1 Qg1# 0-1

[Event "Junior Online 4NCL Division 3"]
[Site "online"]
[Date "2020.10.15"]
[Round "5.82"]
[White "Friedersdorff, Finlay"]
[Black "Yao, Rian"]
[Result "0-1"]
[WhiteElo "887"]
[BlackElo "1157"]
[PlyCount "47"]
[EventDate "2020.10.15"]
[WhiteTeam "Leicestershire Juniors 5"]
[BlackTeam "MCS Tenners"]

1. e4 e5 2. Nf3 Nc6 3. Bc4 Bc5 4. Nc3 Nf6 5. d3 O-O 6. Bg5 h6 7. Bh4 d6 8. Nd5
g5 9. Nxf6+ Qxf6 10. Bg3 Bg4 11. h3 Bxf3 12. gxf3 Nd4 13. h4 Nxf3+ 14. Kf1 gxh4
15. Qe2 hxg3 16. fxg3 Nd4+ 17. Qf2 Qxf2+ 18. Kxf2 Nxc2+ 19. Kf1 Nxa1 20. Bb3
Nxb3 21. axb3 Bd4 22. Rxh6 Bxb2 23. Rh5 Kg7 24. Rg5+ 0-1

[Event "Junior Online 4NCL Division 3"]
[Site "online"]
[Date "2020.10.15"]
[Round "5.83"]
[White "Robinson, Jonas"]
[Black "Sreenivas, Rohit"]
[Result "0-1"]
[WhiteElo "925"]
[BlackElo "850"]
[PlyCount "96"]
[EventDate "2020.10.15"]
[WhiteTeam "MCS Tenners"]
[BlackTeam "Leicestershire Juniors 5"]

1. e4 e5 2. Nf3 Nc6 3. Nc3 Bb4 4. a3 Bxc3 5. bxc3 Nf6 6. d3 d6 7. Bg5 Bg4 8. h3
Bxf3 9. Qxf3 O-O 10. d4 exd4 11. cxd4 Nxd4 12. Qd1 Ne6 13. Bxf6 Qxf6 14. Bc4
Qc3+ 15. Kf1 Qxc4+ 16. Ke1 Qc3+ 17. Kf1 Nf4 18. a4 Qc4+ 19. Kg1 Qxe4 20. Qg4
Ne2+ 21. Kf1 Nf4 22. f3 Qc4+ 23. Kg1 Qd4+ 24. Kf1 Qxa1+ 25. Kf2 Qxh1 26. Qxf4
Rfe8 27. Kg3 Qe1+ 28. Kg4 Qe6+ 29. Kg3 Qg6+ 30. Kf2 Qxc2+ 31. Kg3 Re6 32. Qb4
Rg6+ 33. Kf4 Rf6+ 34. Kg3 Qg6+ 35. Kf2 Rf5 36. Qxb7 Re8 37. Qxc7 h6 38. Qxa7
Rg5 39. g4 Qc2+ 40. Kg3 h5 41. Qe3 Rxe3 42. Kf4 Qc5 43. Kg3 Qe5+ 44. Kf2 hxg4
45. a5 Rxf3+ 46. Kg2 Ra3 47. h4 Qb2+ 48. Kg1 Ra1# 0-1

[Event "Junior Online 4NCL Division 3"]
[Site "online"]
[Date "2020.10.15"]
[Round "5.84"]
[White "Jackson, Will"]
[Black "Parekh, Cole"]
[Result "1/2-1/2"]
[WhiteElo "850"]
[BlackElo "902"]
[PlyCount "163"]
[EventDate "2020.10.15"]
[WhiteTeam "Leicestershire Juniors 5"]
[BlackTeam "MCS Tenners"]

1. e4 e5 2. f3 Nc6 3. Bc4 Na5 4. Bb5 Nc6 5. Ne2 Nf6 6. f4 exf4 7. Nxf4 Nxe4 8.
Ne2 Nd6 9. Bd3 Nb4 10. Nf4 Nxd3+ 11. cxd3 Qe7+ 12. Ne2 Nb5 13. Nbc3 Nxc3 14.
dxc3 Qd6 15. Bf4 Qc6 16. Nd4 Qf6 17. Be3 Bd6 18. Nb5 Be7 19. Qb3 O-O 20. Bd4
Qe6+ 21. Kd1 Qxb3+ 22. axb3 c6 23. Re1 Bh4 24. Re4 cxb5 25. Ra5 b6 26. Rxb5 d5
27. Rxh4 Bd7 28. Rxd5 Be6 29. Rd6 Bxb3+ 30. Kc1 Be6 31. Re4 Rfe8 32. Rc6 Bd5
33. Rxe8+ Rxe8 34. Rd6 Bxg2 35. Bf2 b5 36. Ra6 Ra8 37. Bxa7 Bf3 38. b4 Bg2 39.
c4 bxc4 40. dxc4 Bb7 41. Ra5 Bc8 42. b5 Bd7 43. c5 Rc8 44. c6 Bxc6 45. bxc6
Rxc6+ 46. Bc5 Rh6 47. Bg1 g6 48. Ra8+ Kg7 49. Ra3 Kf8 50. h3 f5 51. Be3 Rxh3
52. Kb1 f4 53. Bc5+ Kf7 54. Rxh3 g5 55. Rxh7+ Kg6 56. Rh3 g4 57. Rh4 Kg5 58.
Rh2 g3 59. Rg2 f3 60. Rg1 f2 61. Bxf2 g2 62. Rxg2+ Kf6 63. Bd4+ Ke7 64. Bc3 Kd7
65. Rg5 Kc7 66. Rg6 Kb7 67. Rd6 Ka8 68. Kb2 Kb8 69. Kb3 Ka8 70. Kb4 Kb8 71. Kb5
Ka8 72. Kc6 Kb8 73. Kb6 Ka8 74. Kc7 Ka7 75. Rc6 Ka8 76. Kb6 Kb8 77. Ka6 Ka8 78.
Kb6 Kb8 79. Rc5 Ka8 80. Kc7 Ka7 81. Rc6 Ka8 82. Kb6 1/2-1/2

[Event "Junior Online 4NCL Division 3"]
[Site "online"]
[Date "2020.10.15"]
[Round "5.85"]
[White "Das, Anish"]
[Black "Robinson, Danny"]
[Result "1-0"]
[WhiteElo "887"]
[BlackElo "1180"]
[PlyCount "91"]
[EventDate "2020.10.15"]
[WhiteTeam "Leicestershire Juniors 5"]
[BlackTeam "MCS Tenners"]

1. e4 c5 2. Bc4 Nc6 3. Nf3 e5 4. d3 h6 5. c3 Bd6 6. Nbd2 Nf6 7. Nb3 b6 8. O-O
Bb7 9. Be3 Bc7 10. Rc1 d5 11. exd5 Nxd5 12. Na1 Qd6 13. Qb3 Na5 14. Qa4+ Bc6
15. Bb5 Bxb5 16. Qxb5+ Kf8 17. Nc2 Nxe3 18. fxe3 a6 19. Qa4 b5 20. Qh4 Qxd3 21.
Qf2 e4 22. Ne5 Qd5 23. Ng6+ Kg8 24. Nxh8 Kxh8 25. Qxf7 Qe5 26. g3 Nc4 27. Ne1
Nxe3 28. Rf2 Ng4 29. Re2 c4 30. Ng2 Qc5+ 31. Kh1 Rf8 32. Qd7 Nf2+ 33. Kg1 Nh3+
34. Kh1 Nf2+ 35. Kg1 Nh3+ 36. Kh1 Qg1+ 37. Rxg1 Nf2+ 38. Rxf2 Rxf2 39. Qc8+ Kh7
40. Qxc7 Rxb2 41. Nh4 Rxa2 42. Nf5 Kg6 43. g4 Kg5 44. Qxg7+ Kf4 45. Qxh6+ Kf3
46. Qe3# 1-0

[Event "Junior Online 4NCL Division 3"]
[Site "online"]
[Date "2020.10.15"]
[Round "5.86"]
[White "Yao, Rian"]
[Black "Friedersdorff, Finlay"]
[Result "1-0"]
[WhiteElo "1157"]
[BlackElo "887"]
[PlyCount "37"]
[EventDate "2020.10.15"]
[WhiteTeam "MCS Tenners"]
[BlackTeam "Leicestershire Juniors 5"]

1. e4 e5 2. Nf3 Nc6 3. Bc4 Nf6 4. Ng5 d5 5. exd5 Nxd5 6. Nxf7 Kxf7 7. Qf3+ Ke8
8. Bxd5 Qxd5 9. Qxd5 Nb4 10. Qb5+ Nc6 11. O-O Bf5 12. Re1 Bxc2 13. Rxe5+ Be7
14. Qxb7 Nxe5 15. Qxa8+ Kf7 16. Qxh8 Bf8 17. Nc3 Ng6 18. Qxh7 Ne7 19. Qxc2 1-0

[Event "Junior Online 4NCL Division 3"]
[Site "online"]
[Date "2020.10.15"]
[Round "5.87"]
[White "Sreenivas, Rohit"]
[Black "Robinson, Jonas"]
[Result "1-0"]
[WhiteElo "850"]
[BlackElo "925"]
[PlyCount "127"]
[EventDate "2020.10.15"]
[WhiteTeam "Leicestershire Juniors 5"]
[BlackTeam "MCS Tenners"]

1. e4 e5 2. Nf3 Nc6 3. Bb5 d6 4. Bxc6+ bxc6 5. d3 d5 6. Bg5 f6 7. Be3 dxe4 8.
dxe4 Qxd1+ 9. Kxd1 Bg4 10. Ke2 Ne7 11. h3 Be6 12. Nc3 Bc4+ 13. Kd2 f5 14. exf5
Nxf5 15. Nxe5 Be6 16. Nxc6 a6 17. Ne4 Bd5 18. Nc5 Bxc5 19. Bxc5 Bxc6 20. Rhe1+
Kd8 21. g4 Nh4 22. Be7+ Kd7 23. Bxh4 Rhd8 24. Bxd8 Kxd8 25. Re6 Bd7 26. Re4 Bc6
27. Rf4 Ke7 28. Re1+ Kd7 29. Rd4+ Kc8 30. Rc4 Bd5 31. Rc5 Bxa2 32. Re8+ Kb7 33.
Re7 Rd8+ 34. Kc3 Kb6 35. Rcxc7 Rd6 36. Rxg7 a5 37. Rxh7 Kb5 38. Rb7+ Kc6 39.
Rbc7+ Kb6 40. b4 axb4+ 41. Kxb4 Rd4+ 42. Ka3 Bb1 43. Kb2 Rb4+ 44. Ka3 Ka5 45.
Ra7+ Kb5 46. Rab7+ Ka5 47. Rxb4 Bxc2 48. Rh5+ Ka6 49. Rc4 Bg6 50. Rh6 Kb5 51.
Rxg6 Kxc4 52. h4 Kd5 53. h5 Ke5 54. h6 Kf4 55. h7 Kf3 56. h8=Q Kxf2 57. Qf8+
Kg3 58. Rf6 Kg2 59. g5 Kg3 60. Qh8 Kg4 61. Rf8 Kg3 62. g6 Kg4 63. g7 Kg5 64.
g8=Q# 1-0

[Event "Junior Online 4NCL Division 3"]
[Site "online"]
[Date "2020.10.15"]
[Round "5.88"]
[White "Parekh, Cole"]
[Black "Jackson, Will"]
[Result "1-0"]
[WhiteElo "902"]
[BlackElo "850"]
[PlyCount "95"]
[EventDate "2020.10.15"]
[WhiteTeam "MCS Tenners"]
[BlackTeam "Leicestershire Juniors 5"]

1. e4 e5 2. Nf3 d6 3. d3 Nc6 4. Nc3 Nd4 5. Nxd4 exd4 6. Nd5 Be6 7. Nb4 c5 8.
Nd5 Bxd5 9. exd5 Nf6 10. Bg5 b6 11. Be2 h6 12. Bxf6 Qxf6 13. O-O Qd8 14. c3
dxc3 15. bxc3 g5 16. d4 cxd4 17. cxd4 Bg7 18. Bb5+ Kf8 19. Bc6 Rc8 20. Bb7 Rb8
21. Bc6 Qc7 22. Ba4 Qc4 23. Bb3 Qb4 24. Ba4 Bxd4 25. Rb1 Qc5 26. Rc1 Qxd5 27.
Bc6 Rc8 28. Bxd5 Rxc1 29. Qxc1 Rh7 30. Qb1 Rg7 31. Rd1 Bc5 32. Bf3 g4 33. Be2
f5 34. Qxf5+ Kg8 35. Qe6+ Rf7 36. Qxh6 Rh7 37. Qe6+ Rf7 38. Qxg4+ Rg7 39. Qc8+
Kh7 40. Qb8 a5 41. Bd3+ Kh6 42. Qh8+ Rh7 43. Bxh7 Kg5 44. Rd5+ Kf4 45. Qf8+ Kg4
46. Rf5 Bd4 47. Qg8+ Kh4 48. Qg5# 1-0

[Event "Junior Online 4NCL Division 3"]
[Site "online"]
[Date "2020.10.15"]
[Round "5.92"]
[White "Karthik, Trivikraman"]
[Black "Mohammad, Zakariya"]
[Result "0-1"]
[WhiteElo "700"]
[BlackElo "1075"]
[PlyCount "56"]
[EventDate "2020.10.15"]
[WhiteTeam "Watford Juniors E"]
[BlackTeam "Harrow Juniors E"]

1. e4 e5 2. Nf3 Bb4 3. c3 Bc5 4. Bd3 Nf6 5. O-O d6 6. Na3 Bg4 7. Nb5 O-O 8. Ng5
Bxd1 9. Rxd1 Nc6 10. Nd4 Bxd4 11. cxd4 Nxd4 12. Rf1 d5 13. Bb5 Nxb5 14. h4 dxe4
15. f3 Qd4+ 16. Kh2 Qd8 17. d4 exd4 18. fxe4 Qd6+ 19. Kh3 Qe6+ 20. g4 Qxg4+ 21.
Kh2 Nd6 22. Kh1 Ndxe4 23. b4 Qg3 24. a4 Nf2+ 25. Rxf2 Qxf2 26. Ra2 Qxa2 27. Nf3
Ng4 28. Ne5 Qh2# 0-1

[Event "Junior Online 4NCL Division 3"]
[Site "online"]
[Date "2020.10.15"]
[Round "5.93"]
[White "Wang, Xiling"]
[Black "Mehta, Devina"]
[Result "1-0"]
[WhiteElo "1075"]
[BlackElo "700"]
[PlyCount "89"]
[EventDate "2020.10.15"]
[WhiteTeam "Harrow Juniors E"]
[BlackTeam "Watford Juniors E"]

1. e4 e5 2. Nf3 Nc6 3. Nc3 Nf6 4. a3 d5 5. Bb5 dxe4 6. Nxe5 Qe7 7. Nxc6 bxc6 8.
Bxc6+ Bd7 9. Bxa8 Qe6 10. Bd5 Nxd5 11. Nxd5 Qxd5 12. O-O Bc5 13. Qe2 Bd6 14. b3
Bb5 15. c4 Qc6 16. cxb5 Qd5 17. Qc4 Qxc4 18. bxc4 Be5 19. Rb1 Bd6 20. a4 O-O
21. a5 Rc8 22. Re1 f5 23. d4 c6 24. bxc6 Rxc6 25. c5 Be7 26. Rb8+ Kf7 27. Ba3
Bg5 28. d5 Rxc5 29. Bxc5 Bd2 30. Reb1 f4 31. Bxa7 e3 32. f3 e2 33. Bf2 e1=Q+
34. Bxe1 Be3+ 35. Bf2 Bd2 36. R1b6 Bxa5 37. Rc6 Ke7 38. Rb7+ Ke8 39. Bc5 Kd8
40. Rb8+ Kd7 41. Rd6+ Kc7 42. Rf8 Kb7 43. Rf7+ Kc8 44. Bb6 Kb8 45. Rd8# 1-0

[Event "Junior Online 4NCL Division 3"]
[Site "online"]
[Date "2020.10.15"]
[Round "5.94"]
[White "Balakrishnan, Akshata"]
[Black "Patel-Davis, Riyan"]
[Result "0-1"]
[WhiteElo "700"]
[BlackElo "910"]
[PlyCount "64"]
[EventDate "2020.10.15"]
[WhiteTeam "Watford Juniors E"]
[BlackTeam "Harrow Juniors E"]

1. e4 e5 2. d4 exd4 3. Nf3 Nc6 4. Na3 Nf6 5. c3 Nxe4 6. cxd4 Bb4+ 7. Bd2 Nxd2
8. Bc4 O-O 9. Nxd2 Bxd2+ 10. Qxd2 Re8+ 11. Be2 f5 12. g4 fxg4 13. h3 gxh3 14.
O-O-O Qh4 15. Rhe1 Qxf2 16. Rh1 h2 17. d5 Nd4 18. Qxd4 Qxe2 19. Rhe1 Qxe1 20.
Rxe1 Rxe1+ 21. Kc2 h1=Q 22. Nc4 b5 23. Ne5 d6 24. Ng4 Rc1+ 25. Kd3 Qh3+ 26. Ne3
Ba6 27. Ke4 Qh1+ 28. Kf5 Rf8+ 29. Kg5 Rg1+ 30. Ng4 Bc8 31. Qxg1 Qxg1 32. Kh4
Qxg4# 0-1

[Event "Junior Online 4NCL Division 3"]
[Site "online"]
[Date "2020.10.15"]
[Round "5.96"]
[White "Mohammad, Zakariya"]
[Black "Karthik, Trivikraman"]
[Result "1-0"]
[WhiteElo "1075"]
[BlackElo "700"]
[PlyCount "35"]
[EventDate "2020.10.15"]
[WhiteTeam "Harrow Juniors E"]
[BlackTeam "Watford Juniors E"]

1. e4 e5 2. Nf3 Nc6 3. Bc4 Nf6 4. O-O Bd6 5. d3 O-O 6. Bg5 h6 7. Bxf6 gxf6 8.
Nc3 b5 9. Bd5 Na5 10. Bxa8 Bb7 11. Bxb7 Nxb7 12. Nxb5 a6 13. Nxd6 cxd6 14. Qc1
Nc5 15. Qxh6 f5 16. exf5 Na4 17. f6 e4 18. Qg7# 1-0

[Event "Junior Online 4NCL Division 3"]
[Site "online"]
[Date "2020.10.15"]
[Round "5.97"]
[White "Mehta, Devina"]
[Black "Wang, Xiling"]
[Result "1-0"]
[WhiteElo "700"]
[BlackElo "1075"]
[PlyCount "77"]
[EventDate "2020.10.15"]
[WhiteTeam "Watford Juniors E"]
[BlackTeam "Harrow Juniors E"]

1. e4 e5 2. Nf3 Nc6 3. Nc3 a6 4. d4 exd4 5. Nxd4 Nge7 6. Bg5 f6 7. Bf4 Ne5 8.
Bc4 Nxc4 9. O-O g5 10. Bd2 Nxd2 11. Qxd2 Bh6 12. Qd3 Rg8 13. Nf5 Nxf5 14. exf5
d6 15. Rfe1+ Kf8 16. Nd5 Rg7 17. Qb3 Bxf5 18. Qxb7 Rb8 19. Qxa6 c6 20. Qxc6 Rc8
21. Qb5 Rb7 22. Qxb7 Bxc2 23. Qa6 Ba4 24. Qxa4 g4 25. g3 Bd2 26. Red1 Ba5 27.
Qxg4 Rc5 28. Qd4 Bb6 29. Qf4 Ke8 30. Nxf6+ Ke7 31. Re1+ Kf7 32. Nxh7+ Kg6 33.
Re6+ Kxh7 34. Rae1 Rc7 35. Qf5+ Kg7 36. Qg6+ Kf8 37. Qh6+ Kf7 38. Qh7+ Kf8 39.
Qh8+ 1-0

[Event "Junior Online 4NCL Division 3"]
[Site "online"]
[Date "2020.10.15"]
[Round "5.98"]
[White "Patel-Davis, Riyan"]
[Black "Balakrishnan, Akshata"]
[Result "1-0"]
[WhiteElo "910"]
[BlackElo "700"]
[PlyCount "47"]
[EventDate "2020.10.15"]
[WhiteTeam "Harrow Juniors E"]
[BlackTeam "Watford Juniors E"]

1. e4 e5 2. Nf3 Nc6 3. Nc3 Nf6 4. Bb5 a6 5. Bxc6 bxc6 6. Nxe5 d6 7. Nxc6 Bb7 8.
Nxd8 Rxd8 9. d3 Ng4 10. Qxg4 d5 11. O-O Bb4 12. Bg5 Rb8 13. exd5 h6 14. Qe4+
Kf8 15. Qe7+ Bxe7 16. Bxe7+ Kg8 17. Rfe1 c6 18. Re5 cxd5 19. Nxd5 Bxd5 20. Rxd5
Re8 21. Re1 Rxe7 22. Rxe7 Kf8 23. Ra7 a5 24. Rd8# 1-0

[Event "Junior Online 4NCL Division 3"]
[Site "online"]
[Date "2020.10.15"]
[Round "5.101"]
[White "Jayaprakash, Shravan"]
[Black "Arwas, Sam"]
[Result "1/2-1/2"]
[WhiteElo "1000"]
[BlackElo "1532"]
[PlyCount "122"]
[EventDate "2020.10.15"]
[WhiteTeam "Uxbridge Juniors B"]
[BlackTeam "Surbiton Juniors B"]

1. e4 e5 2. Nf3 Nc6 3. Nc3 Nf6 4. Bb5 a6 5. Bxc6 bxc6 6. Nxe5 Qe7 7. Nf3 Nxe4
8. Nxe4 Qxe4+ 9. Kf1 Be7 10. d3 Qg6 11. Qe1 Bb7 12. Bg5 f6 13. Bf4 d6 14. Nh4
Qg4 15. Bg3 c5 16. f3 Qd4 17. Nf5 Qe5 18. Bxe5 dxe5 19. Nxe7 Kxe7 20. Qc3 Kd6
21. Rd1 Rab8 22. Qa3 Rhe8 23. d4 exd4 24. Rxd4+ Kc6 25. Qa4+ Kb6 26. Qb3+ Ka7
27. Rd1 a5 28. Re1 Ba6+ 29. Kf2 Rxb3 30. cxb3 Rd8 31. Rd1 Re8 32. Rhe1 Rb8 33.
Re7 Rb7 34. Rxg7 c4 35. bxc4 Rxb2+ 36. Kg3 Rxa2 37. Rxc7+ Kb6 38. Rxh7 Bxc4 39.
Rd6+ Kc5 40. Rxf6 Bf1 41. Rf5+ Kb4 42. Rh4+ Kc3 43. Rhh5 Rxg2+ 44. Kf4 a4 45.
Ra5 Kb4 46. Ke3 Re2+ 47. Kd3 Rxh2+ 48. Ke3 Rxh5 49. Rxh5 Kb3 50. f4 a3 51. Rh2
a2 52. Rxa2 Kxa2 53. f5 Bc4 54. f6 Bd5 55. Kd4 Bf7 56. Ke5 Bb3 57. Kd6 Bf7 58.
Ke7 Bb3 59. Kf8 Bc4 60. Ke7 Bb3 61. f7 Bxf7 1/2-1/2

[Event "Junior Online 4NCL Division 3"]
[Site "online"]
[Date "2020.10.15"]
[Round "5.102"]
[White "Tran, Joseph"]
[Black "Kapoor, Devansh"]
[Result "0-1"]
[WhiteElo "1337"]
[BlackElo "1060"]
[PlyCount "24"]
[EventDate "2020.10.15"]
[WhiteTeam "Surbiton Juniors B"]
[BlackTeam "Uxbridge Juniors B"]

1. e4 e6 2. Nf3 d5 3. exd5 exd5 4. d4 Nc6 5. Bb5 Nge7 6. Nc3 Bd7 7. O-O a6 8.
Bxc6 Bxc6 9. Ne5 Qd6 10. Qf3 Qe6 11. Re1 Nf5 12. Nxc6 Qxe1# 0-1

[Event "Junior Online 4NCL Division 3"]
[Site "online"]
[Date "2020.10.15"]
[Round "5.103"]
[White "Mangalagiri, Pranav"]
[Black "Sheftel, Sam"]
[Result "1/2-1/2"]
[WhiteElo "970"]
[BlackElo "1300"]
[PlyCount "130"]
[EventDate "2020.10.15"]
[WhiteTeam "Uxbridge Juniors B"]
[BlackTeam "Surbiton Juniors B"]

1. e4 e5 2. Nf3 Nc6 3. Bc4 Bc5 4. O-O Nf6 5. d3 O-O 6. Bg5 Be7 7. Bxf6 Bxf6 8.
Nc3 d6 9. h3 Bg5 10. Kh1 Nd4 11. Nxd4 exd4 12. Nd5 Be6 13. f4 Bxd5 14. Bxd5 Bh4
15. Bxb7 Rb8 16. Bd5 Rxb2 17. c4 Qf6 18. Qa4 Qg6 19. e5 Qxd3 20. e6 fxe6 21.
Bxe6+ Kh8 22. Rf3 Qe2 23. Rg1 Qxe6 24. Qd1 Re2 25. g3 Qe4 26. Qf1 Re1 27. Qf2
Rxg1+ 28. Kxg1 Qb1+ 29. Kg2 Qg6 30. a4 a5 31. Kh2 Bg5 32. fxg5 Rxf3 33. Qxf3
Qc2+ 34. Kg1 Qc1+ 35. Kf2 Qd2+ 36. Kg1 Qe3+ 37. Qxe3 dxe3 38. Kf1 Kg8 39. Ke2
Kf7 40. Kxe3 Kg6 41. h4 h6 42. gxh6 gxh6 43. Kf3 Kh5 44. g4+ Kxh4 45. Kf4 h5
46. gxh5 Kxh5 47. Ke4 Kg5 48. Kd5 Kf4 49. c5 dxc5 50. Kxc5 Ke4 51. Kb5 Kd5 52.
Kxa5 Kc6 53. Kb4 Kb6 54. Ka3 Ka5 55. Kb3 c6 56. Kc4 Kb6 57. Kb4 c5+ 58. Kc4 Kc6
59. Kb3 Kb6 60. Kc4 Kc6 61. Kb3 Kd5 62. Kc3 c4 63. a5 Kc5 64. a6 Kb6 65. Kxc4
Kxa6 1/2-1/2

[Event "Junior Online 4NCL Division 3"]
[Site "online"]
[Date "2020.10.15"]
[Round "5.104"]
[White "Morrison, Matthew"]
[Black "Palampathi, Sanjit"]
[Result "1-0"]
[WhiteElo "1285"]
[BlackElo "917"]
[PlyCount "65"]
[EventDate "2020.10.15"]
[WhiteTeam "Surbiton Juniors B"]
[BlackTeam "Uxbridge Juniors B"]

1. d4 Nf6 2. c4 d5 3. Nc3 e6 4. Bg5 Nc6 5. Nf3 Bd6 6. e3 O-O 7. Bd3 Nb4 8. a3
Nxd3+ 9. Qxd3 c6 10. O-O dxc4 11. Qxc4 b5 12. Qe2 Ba6 13. Qc2 b4 14. axb4 Bxf1
15. Kxf1 Bxb4 16. Ra6 Qd7 17. Bxf6 gxf6 18. Qe4 f5 19. Qxc6 Qd8 20. Qc4 Rb8 21.
Rxa7 Bxc3 22. bxc3 Rc8 23. Qd3 Qb6 24. Ra6 Rxc3 25. Qxc3 Qxa6+ 26. Kg1 Qe2 27.
h3 Kh8 28. d5+ e5 29. Qxe5+ f6 30. Qxf5 Qd1+ 31. Kh2 Qf1 32. Qc2 Rg8 33. g3 1-0

[Event "Junior Online 4NCL Division 3"]
[Site "online"]
[Date "2020.10.15"]
[Round "5.105"]
[White "Arwas, Sam"]
[Black "Jayaprakash, Shravan"]
[Result "1-0"]
[WhiteElo "1532"]
[BlackElo "1000"]
[PlyCount "81"]
[EventDate "2020.10.15"]
[WhiteTeam "Surbiton Juniors B"]
[BlackTeam "Uxbridge Juniors B"]

1. e4 e5 2. Nf3 Nc6 3. d4 Nf6 4. dxe5 Nxe4 5. Qd5 Nc5 6. Ng5 Qe7 7. f4 h6 8.
Nf3 Nb4 9. Qc4 Nc6 10. Nc3 b6 11. Nd5 Qd8 12. f5 d6 13. exd6 cxd6 14. Qb5 Bd7
15. Bf4 a6 16. Qe2+ Be7 17. Bxd6 Bxf5 18. Nxe7 Nxe7 19. Bxe7 Qxe7 20. Qxe7+
Kxe7 21. O-O-O Bg4 22. h3 Bh5 23. g4 Bg6 24. Bc4 Be4 25. Rhe1 Kf6 26. Nd4 Rhd8
27. Rf1+ Kg6 28. Bxf7+ Kh7 29. Ne6 Nxe6 30. Bxe6 Bg2 31. Bf5+ Kg8 32. Rxd8+
Rxd8 33. Rf4 Bxh3 34. Rb4 Rb8 35. Rb3 b5 36. Rxh3 Re8 37. Kd2 Rd8+ 38. Kc3 Re8
39. Rd3 Re2 40. Rd6 Re5 41. Rxa6 1-0

[Event "Junior Online 4NCL Division 3"]
[Site "online"]
[Date "2020.10.15"]
[Round "5.106"]
[White "Kapoor, Devansh"]
[Black "Tran, Joseph"]
[Result "0-1"]
[WhiteElo "1060"]
[BlackElo "1337"]
[PlyCount "88"]
[EventDate "2020.10.15"]
[WhiteTeam "Uxbridge Juniors B"]
[BlackTeam "Surbiton Juniors B"]

1. e4 e5 2. Nf3 Nc6 3. Bc4 Bc5 4. Nc3 Nf6 5. d3 h6 6. Na4 Be7 7. Be3 O-O 8. a3
d5 9. exd5 Nxd5 10. O-O Nxe3 11. fxe3 Bg4 12. Nc3 Bc5 13. Re1 Qf6 14. Kh1 Bxf3
15. gxf3 Qh4 16. Rg1 Bxe3 17. Rg2 Nd4 18. Ne2 Nxf3 19. Bd5 Ng5 20. Bxb7 Rab8
21. Bd5 Nh3 22. Ng1 Nf2+ 23. Rxf2 Bxf2 24. Nf3 Qh3 25. Nxe5 Rbe8 26. d4 Bg3 27.
Nf3 Re3 28. Kg1 Rxf3 29. Qxf3 Qxh2+ 30. Kf1 g6 31. Rd1 Qh3+ 32. Qg2 Qf5+ 33.
Bf3 Bh4 34. Ke2 Re8+ 35. Kd2 Bg5+ 36. Kc3 Qa5+ 37. b4 Qxa3+ 38. Kc4 Qa6+ 39.
Kb3 Qe6+ 40. Kb2 Qd6 41. Qf2 Qxb4+ 42. Ka1 Qc3+ 43. Kb1 Rb8+ 44. Ka2 Qb2# 0-1